000 00338 a2200157 4500
001 168945
020 _a
040 _cMagnum
100 _aJaguaribe, Helio
240 1 0 _aAlternativas do brasil
_lpor
245 1 0 _aAlternativas do brasil
362 0 _a1899
440 1 _aJosé Olympio
697 _aORGANIZACAO SOCIAL
942 _cBK
999 _c168945
_d168945